000 01125nam a2200277Ia 4500
003 OSt
005 20221005105737.0
006 a|||||r|||| 00| 0
007 ta
008 221004b |||||||| |||| 00| 0 hin d
020 _a9789385981975 (hbk)
_cINR 1100.00
024 _a41533
037 _b929/19, 29/01/2019, Literacy House
_cTextual
040 _aCRL
_cCRL
_bhin
041 _2hin
_ahin
082 _aQ22:22:g(R4), 152Q8
100 _aद्विवेदी, प्रेमनारायण, ले.
245 0 _aवैष्णव पुराणों में आचार - समीक्षा
246 _aVaiṣhṇav purāṇoan mean āchār - samīkṣhā
260 _aनई दिल्ली
_bसत्यम् पब्लिशिंग हाउस भारत
_c2018
300 _a505पृ0
_ccm.
650 _a भारतीय दर्शन
650 _aधर्म
942 _hQ22:22:g(R4), 152Q8
_cTEXL
_2cc
999 _c1016773
_d1016773